[Event "KONIK MORSKI REWALA 2013<br>Miedzynarodo"]
[Site "<font size="]
[Date "2013.08.23"]
[Round "4.5"]
[White "Kaczmarek, Aleksander"]
[Black "Voloshin, Leonid"]
[Result "1-0"]
[WhiteElo "2147"]
[BlackElo "2420"]
[PlyCount "135"]
[EventDate "2013.??.??"]

1. e4 c5 2. Nf3 a6 3. Nc3 d6 4. d4 cxd4 5. Nxd4 Nf6 6. h3 e5 7. Nde2 Be6 8. g4
Nc6 9. Bg2 h5 10. g5 Nd7 11. O-O Be7 12. Nd5 O-O 13. Nxe7+ Qxe7 14. Nc3 g6 15.
Be3 Rac8 16. Qd2 Rfd8 17. Rad1 Nc5 18. Nd5 Bxd5 19. exd5 Nb8 20. f4 exf4 21.
Bxf4 b5 22. Rde1 Qc7 23. Qd4 Re8 24. Qf6 Nb7 25. Bd2 Rxe1 26. Bxe1 Qd7 27. Bc3
Rxc3 28. Qxc3 Qd8 29. Re1 Nc5 30. Qe3 Nbd7 31. Qe8+ Qxe8 32. Rxe8+ Kg7 33. b4
Na4 34. Rd8 Nab6 35. Bf1 f6 36. c4 bxc4 37. Bxc4 fxg5 38. Bxa6 Kf6 39. Bb7 Ke7
40. Rh8 Ne5 41. Bc6 Nd3 42. Rb8 Nxb4 43. Rxb6 Nxa2 44. Rb8 Kf6 45. Re8 Kf5 46.
Re6 Nc3 47. Rxd6 Ne2+ 48. Kf1 Nf4 49. Rd8 Ke5 50. d6 Ne6 51. Rg8 Kxd6 52. Rxg6
g4 53. Bg2 Ke5 54. hxg4 hxg4 55. Rxg4 Nf4 56. Kf2 Kf5 57. Kf3 Ng6 58. Ra4 Ne5+
59. Kg3 Nf7 60. Ra5+ Kf6 61. Kf4 Nd6 62. Bd5 Ne8 63. Ra6+ Ke7 64. Ke5 Nc7 65.
Ra7 Kd8 66. Bc6 Kc8 67. Kd6 Kb8 68. Rb7+ 1-0

[Event "KONIK MORSKI REWALA 2013<br>Miedzynarodo"]
[Site "<font size="]
[Date "2013.08.23"]
[Round "4.7"]
[White "Ziaziulkina, Nastassia"]
[Black "Zombirt, Filip"]
[Result "1-0"]
[WhiteElo "2340"]
[BlackElo "1964"]
[PlyCount "79"]
[EventDate "2013.??.??"]

1. e4 c5 2. Nf3 d6 3. d4 cxd4 4. Nxd4 Nf6 5. Nc3 a6 6. Bg5 e6 7. f4 Qc7 8. Qf3
b5 9. a3 Bb7 10. O-O-O Nbd7 11. Bd3 O-O-O 12. f5 e5 13. Nde2 Kb8 14. Nd5 Bxd5
15. exd5 Be7 16. Be3 Nc5 17. Nc3 Rc8 18. Bf2 Rhe8 19. Kb1 Qa5 20. Rhe1 Nfd7 21.
Na2 Nxd3 22. Qxd3 Nc5 23. Qg3 Qa4 24. Nb4 Bf6 25. Nc6+ Kb7 26. b4 Nd7 27. Qe3
Ra8 28. Na5+ Kb8 29. c4 Rc8 30. Rc1 Bd8 31. Nc6+ Kb7 32. Nxd8+ Rxd8 33. c5 Nf6
34. cxd6 Nxd5 35. Qf3 Rxd6 36. Rxe5 Rad8 37. Rc5 Qd1+ 38. Qxd1 Nc3+ 39. Rxc3
Rxd1+ 40. Kb2 1-0

[Event "KONIK MORSKI REWALA 2013<br>Miedzynarodo"]
[Site "<font size="]
[Date "2013.08.23"]
[Round "4.8"]
[White "Licznerski, Lukasz"]
[Black "Smola, Michal"]
[Result "1-0"]
[WhiteElo "2332"]
[BlackElo "2160"]
[PlyCount "39"]
[EventDate "2013.??.??"]

1. e4 c5 2. Nf3 Nc6 3. Nc3 d6 4. d4 cxd4 5. Nxd4 Nf6 6. Bc4 e6 7. Be3 Be7 8.
Qe2 O-O 9. O-O-O a6 10. Rhg1 Nxd4 11. Bxd4 b5 12. Bb3 Bb7 13. a3 Qa5 14. Qe3
Nd7 15. Qg3 e5 16. Be3 b4 17. Bh6 Bf6 18. Rxd6 Kh8 19. Rxf6 gxh6 20. Rxh6 1-0

[Event "KONIK MORSKI REWALA 2013<br>Miedzynarodo"]
[Site "<font size="]
[Date "2013.08.23"]
[Round "4.9"]
[White "Gosciniak, Maria"]
[Black "Skawinski, Arkadiusz"]
[Result "1/2-1/2"]
[WhiteElo "2098"]
[BlackElo "2284"]
[PlyCount "24"]
[EventDate "2013.??.??"]

1. e4 e6 2. d4 d5 3. Nc3 Bb4 4. e5 c5 5. a3 Bxc3+ 6. bxc3 Qa5 7. Bd2 Qa4 8. Qb1
c4 9. Nh3 Nc6 10. Nf4 Nge7 11. Nh5 Rg8 12. g3 Bd7 1/2-1/2

[Event "KONIK MORSKI REWALA 2013<br>Miedzynarod"]
[Site "<font size="]
[Date "2013.08.23"]
[Round "4.10"]
[White "Polok, Kacper"]
[Black "Adamowicz, Michal"]
[Result "1/2-1/2"]
[WhiteElo "2470"]
[BlackElo "2266"]
[PlyCount "179"]
[EventDate "2013.??.??"]

1. e4 c5 2. Nc3 Nc6 3. g3 g6 4. Bg2 Bg7 5. d3 d6 6. Be3 Nf6 7. Qd2 Ng4 8. Nge2
Nxe3 9. fxe3 e5 10. O-O Be6 11. Nd5 O-O 12. c4 Bxd5 13. exd5 Nb8 14. b4 b6 15.
Rab1 Nd7 16. a3 Rb8 17. Nc3 a6 18. Ne4 Qe7 19. h4 Bh6 20. Qe2 f5 21. Nf2 Nf6
22. Kh2 Qg7 23. Bh3 Kh8 24. Rg1 Rg8 25. Rbf1 Qe7 26. Rg2 Rbf8 27. Rb1 Rb8 28.
Rbg1 Rbf8 29. Rb1 Rb8 30. g4 fxg4 31. Nxg4 Nxg4+ 32. Rxg4 Rgf8 33. Re4 Qf6 34.
Rf1 Qg7 35. Rg1 a5 36. h5 g5 37. Qb2 axb4 38. axb4 Qf7 39. Be6 Qxh5+ 40. Bh3
Bg7 41. b5 h6 42. Qg2 Ra8 43. Qg4 Qxg4 44. Rexg4 Ra3 45. Bf1 Kh7 46. Bg2 Ra2
47. Kh3 Bf6 48. Be4+ Kg7 49. R4g3 h5 50. Rxg5+ Bxg5 51. Rxg5+ Kf7 52. Rxh5 Ke7
53. Rh7+ Rf7 54. Rh8 Kd7 55. Rb8 Kc7 56. Rg8 Re2 57. Kg4 Rxe3 58. Bg6 Re7 59.
Kg5 Rf3 60. Kg4 Re3 61. Kg5 Rf3 62. Kg4 Rf1 63. Kg5 Rd7 64. Ra8 Kb7 65. Re8 Rg7
66. Kh6 Rd7 67. Kg5 Rf3 68. Be4 Rf4 69. Bf5 Rf7 70. Bg6 Rd7 71. Rg8 Kc7 72. Ra8
Kb7 73. Rh8 Rf3 74. Rg8 Kc7 75. Rh8 Rd8 76. Rh7+ Kb8 77. Re7 Rf1 78. Be8 Ra1
79. Kf6 Rf1+ 80. Ke6 Rh1 81. Bd7 Rh6+ 82. Kf5 Rf8+ 83. Kg5 Rh2 84. Rg7 Rg2+ 85.
Bg4 Rg3 86. Rg6 Kc7 87. Rg7+ Kb8 88. Rg6 Kc7 89. Rg7+ Kb8 90. Rg6 1/2-1/2

[Event "KONIK MORSKI REWALA 2013<br>Miedzynarodo"]
[Site "<font size="]
[Date "2013.08.23"]
[Round "4.12"]
[White "Musialkiewicz, Pawel"]
[Black "Harazinska, Ewa"]
[Result "1-0"]
[WhiteElo "2191"]
[BlackElo "2041"]
[PlyCount "93"]
[EventDate "2013.??.??"]

1. c4 c5 2. g3 g6 3. Bg2 Bg7 4. Nc3 Nc6 5. Nf3 e5 6. O-O Nge7 7. a3 O-O 8. Ne1
d6 9. Nc2 Be6 10. Ne3 f5 11. d3 Qd7 12. Ned5 h6 13. Rb1 Bf7 14. b4 cxb4 15.
axb4 Nxd5 16. Nxd5 Ne7 17. e4 Kh7 18. Bb2 Nc6 19. b5 Nd4 20. Bxd4 exd4 21. exf5
gxf5 22. Nf4 Rab8 23. Ra1 Be5 24. Qf3 b6 25. Ra6 Rbc8 26. Rfa1 Rc7 27. R6a2 Bg7
28. Bh3 Kg8 29. Nd5 Bxd5 30. Qxd5+ Kh7 31. Re1 Be5 32. f4 Rc5 33. Qf3 Bg7 34.
Rea1 Rf7 35. Rxa7 Qxa7 36. Rxa7 Rxa7 37. Qh5 Kg8 38. Qe8+ Bf8 39. Bxf5 Re7 40.
Qg6+ Bg7 41. Be6+ Kh8 42. Bd5 Rcc7 43. Be4 Kg8 44. Qxd6 Rcd7 45. Qxb6 Rxe4 46.
dxe4 d3 47. Qe6+ 1-0

[Event "KONIK MORSKI REWALA 2013<br>Miedzynarodo"]
[Site "<font size="]
[Date "2013.08.23"]
[Round "4.13"]
[White "Gawiec, Konrad"]
[Black "Jacek, Krystian"]
[Result "0-1"]
[WhiteElo "1947"]
[BlackElo "2166"]
[PlyCount "75"]
[EventDate "2013.??.??"]

1. e4 c5 2. Nf3 e6 3. d3 Nc6 4. g3 g6 5. Bg2 Bg7 6. O-O Nge7 7. Nbd2 O-O 8. Re1
d6 9. c3 Rb8 10. Nf1 b5 11. a4 b4 12. c4 d5 13. cxd5 exd5 14. Qc2 b3 15. Qxc5
Nb4 16. exd5 Nexd5 17. Rd1 Ba6 18. Bg5 f6 19. Bf4 Nxf4 20. gxf4 Nxd3 21. Qxa7
Qb6 22. Qxb6 Rxb6 23. f5 Nxb2 24. Rdb1 Nd3 25. Nd4 b2 26. Ra3 Rd8 27. Nb5 Bxb5
28. axb5 Rxb5 29. Ne3 Rc5 30. Rxd3 Rxd3 31. Rxb2 gxf5 32. Bh3 Bh6 33. Rb8+ Kf7
34. Bf1 Rd4 35. Kg2 f4 36. Ng4 f3+ 37. Kxf3 Rf5+ 38. Kg3 0-1

[Event "KONIK MORSKI REWALA 2013<br>Miedzynarodo"]
[Site "<font size="]
[Date "2013.08.23"]
[Round "4.14"]
[White "Reza, Wojciech"]
[Black "Kucza, Karol"]
[Result "1/2-1/2"]
[WhiteElo "2135"]
[BlackElo "1989"]
[PlyCount "51"]
[EventDate "2013.??.??"]

1. e4 e5 2. Nf3 Nc6 3. Bb5 a6 4. Bxc6 dxc6 5. O-O Bg4 6. h3 h5 7. d3 Qf6 8.
Nbd2 Ne7 9. Re1 Ng6 10. d4 Bd6 11. hxg4 hxg4 12. Nh2 Rxh2 13. Qxg4 Qh4 14. Qxh4
Rxh4 15. Nf3 Rh5 16. Be3 O-O-O 17. c3 exd4 18. Bxd4 c5 19. Be3 Bf4 20. g3 Bxe3
21. Rxe3 Ne5 22. Nxe5 Rxe5 23. Rae1 c4 24. Kg2 Ra5 25. a3 Rb5 26. R3e2 1/2-1/2

[Event "KONIK MORSKI REWALA 2013<br>Miedzynarodo"]
[Site "<font size="]
[Date "2013.08.23"]
[Round "4.15"]
[White "Wisniewski, Michal"]
[Black "Janus, Przemyslaw"]
[Result "1/2-1/2"]
[WhiteElo "1876"]
[BlackElo "2121"]
[PlyCount "35"]
[EventDate "2013.??.??"]

1. e4 c5 2. Nf3 Nc6 3. Bb5 Nd4 4. Bc4 e6 5. c3 Nxf3+ 6. Qxf3 Ne7 7. d4 cxd4 8.
cxd4 d5 9. exd5 Nxd5 10. O-O Be7 11. Nc3 Nxc3 12. bxc3 O-O 13. Bf4 Bd6 14. Bxd6
Qxd6 15. Rfe1 Rb8 16. a4 Bd7 17. Bb5 Rfc8 18. Bxd7 1/2-1/2

[Event "KONIK MORSKI REWALA 2013<br>Miedzynarodo"]
[Site "<font size="]
[Date "2013.08.23"]
[Round "4.16"]
[White "Nowak, Lukasz"]
[Black "Kiolbasa, Oliwia"]
[Result "0-1"]
[WhiteElo "1994"]
[BlackElo "1955"]
[PlyCount "80"]
[EventDate "2013.??.??"]

1. e4 e5 2. Nf3 Nc6 3. Bb5 f5 4. d3 fxe4 5. dxe4 Nf6 6. O-O Bc5 7. Qd3 d6 8.
Qc4 Bd7 9. Nc3 Bb6 10. Bg5 h6 11. Bh4 g5 12. Nxg5 hxg5 13. Bxg5 Rh5 14. h4 Kf8
15. Nd5 Rxg5 16. hxg5 Na5 17. Qd3 Nxd5 18. exd5 Bxb5 19. Qxb5 Qxg5 20. Qd7 Qg6
21. Rad1 e4 22. Rde1 Re8 23. Re3 Qf7 24. Qxf7+ Kxf7 25. Rc3 c6 26. b4 Bd4 27.
Rh3 Nc4 28. Rh7+ Kg6 29. Rxb7 Nd2 30. Rd1 e3 31. fxe3 Bxe3+ 32. Kh2 cxd5 33.
Rd7 Ne4 34. g3 Rc8 35. Kg2 Rxc2+ 36. Kf3 Bb6 37. Rxd5 Nf6 38. g4 Nxd5 39. Rxd6+
Nf6 40. a4 Kg5 0-1

[Event "KONIK MORSKI REWALA 2013<br>Miedzynarodo"]
[Site "<font size="]
[Date "2013.08.23"]
[Round "4.17"]
[White "Pietocha, Pawel"]
[Black "Spicak, Krzysztof"]
[Result "1/2-1/2"]
[WhiteElo "2118"]
[BlackElo "1962"]
[PlyCount "84"]
[EventDate "2013.??.??"]

1. e4 c5 2. c3 d5 3. exd5 Qxd5 4. d4 cxd4 5. cxd4 Nc6 6. Nf3 e5 7. Nc3 Bb4 8.
Bd2 Bxc3 9. Bxc3 Bg4 10. dxe5 Nge7 11. Be2 O-O 12. Qa4 Be6 13. O-O Ng6 14. Rfd1
Qc5 15. Rac1 Qb6 16. Rd6 h6 17. Bd3 Rfe8 18. Bxg6 fxg6 19. Nd4 Bf5 20. Qc4+ Kh7
21. Nxf5 gxf5 22. Qf7 Re7 23. Qxf5+ Kg8 24. Qd3 Rf8 25. Qd5+ Kh8 26. Rc2 Ref7
27. Be1 Rf5 28. Qc5 Qa6 29. Bc3 Qxa2 30. Re2 Nxe5 31. Rxe5 Qb1+ 32. Be1 Qxe1+
33. Rxe1 Rxc5 34. Rd7 Rc2 35. f3 Rxb2 36. Ree7 Rg8 37. Rxb7 Rxb7 38. Rxb7 Ra8
39. Kf2 a5 40. Ke3 a4 41. Rb2 a3 42. Ra2 Kh7 1/2-1/2

[Event "KONIK MORSKI REWALA 2013<br>Miedzynarodo"]
[Site "<font size="]
[Date "2013.08.23"]
[Round "4.18"]
[White "Smal, Tobiasz"]
[Black "Guzik, Jolanta"]
[Result "1/2-1/2"]
[WhiteElo "1928"]
[BlackElo "2100"]
[PlyCount "21"]
[EventDate "2013.??.??"]

1. e4 d5 2. exd5 Qxd5 3. Nc3 Qa5 4. d4 Nf6 5. Bc4 Bf5 6. Nf3 e6 7. O-O c6 8.
Bf4 Nbd7 9. a3 Be7 10. Re1 h6 11. Qe2 1/2-1/2

[Event "KONIK MORSKI REWALA 2013<br>Miedzynarodo"]
[Site "<font size="]
[Date "2013.08.23"]
[Round "4.19"]
[White "Wacior, Maciej"]
[Black "Marczuk, Dominik"]
[Result "1/2-1/2"]
[WhiteElo "1797"]
[BlackElo "2049"]
[PlyCount "78"]
[EventDate "2013.??.??"]

1. d4 f5 2. Bf4 Nf6 3. Nf3 e6 4. e3 b6 5. c4 Bb7 6. Bd3 Be7 7. Nc3 O-O 8. O-O
Ne4 9. Bxe4 fxe4 10. Nd2 d5 11. Qb3 Kh8 12. Rac1 c6 13. Ne2 a5 14. f3 exf3 15.
Nxf3 Ba6 16. Bxb8 Bxc4 17. Qc2 Qxb8 18. Ne5 Rxf1+ 19. Rxf1 Bxe2 20. Qxe2 Qe8
21. Nf7+ Kg8 22. Qg4 Bf8 23. h4 Qc8 24. Ng5 Ra7 25. Nxe6 Bd6 26. Qf5 Qe8 27. g4
g6 28. Qf6 Rf7 29. Qxf7+ Qxf7 30. Rxf7 Kxf7 31. Nd8+ Ke7 32. Nxc6+ Kd7 33. Na7
h5 34. gxh5 gxh5 35. Kg2 Be7 36. Kg3 Bd6+ 37. Kg2 Be7 38. Kg3 Bd6+ 39. Kg2 Be7
1/2-1/2

[Event "KONIK MORSKI REWALA 2013<br>Miedzynarodo"]
[Site "<font size="]
[Date "2013.08.23"]
[Round "4.20"]
[White "Czyz, Artur"]
[Black "Popiol, Michal"]
[Result "0-1"]
[WhiteElo "2042"]
[BlackElo "1871"]
[PlyCount "60"]
[EventDate "2013.??.??"]

1. Nf3 Nf6 2. d4 g6 3. g3 Bg7 4. Bg2 O-O 5. O-O d6 6. Re1 c5 7. Nc3 Nc6 8. d5
Na5 9. e4 a6 10. a4 Rb8 11. e5 Ne8 12. Qe2 Nc7 13. Bf4 b5 14. exd6 exd6 15.
axb5 Nxb5 16. Ne4 Bf5 17. Nxd6 Nxd6 18. Rxa5 Qxa5 19. Bxd6 Rxb2 20. Bxf8 Bxf8
21. Qe8 Qb5 22. Bf1 Qxe8 23. Rxe8 Rxc2 24. d6 Kg7 25. Nh4 Be6 26. Bxa6 Bxd6 27.
Ng2 Rc1+ 28. Bf1 c4 29. Rd8 Bc7 30. Rd4 c3 0-1

[Event "KONIK MORSKI REWALA 2013<br>Miedzynarodo"]
[Site "<font size="]
[Date "2013.08.23"]
[Round "4.21"]
[White "Smolka, Marcin"]
[Black "Karwowski, Kacper"]
[Result "0-1"]
[WhiteElo "2040"]
[BlackElo "1904"]
[PlyCount "86"]
[EventDate "2013.??.??"]

1. e4 c5 2. Nf3 d6 3. d4 Nf6 4. dxc5 Nxe4 5. cxd6 Qxd6 6. Bd3 Nc5 7. Bb5+ Nc6
8. Qxd6 exd6 9. O-O a6 10. Re1+ Be6 11. Bxc6+ bxc6 12. Nc3 a5 13. Nd4 Kd7 14.
Nxe6 Nxe6 15. Be3 Rb8 16. Na4 Kc7 17. Rad1 Be7 18. Bd2 Ra8 19. f4 Bf6 20. f5
Nd4 21. Bc3 c5 22. Kf1 Rhe8 23. Rxe8 Rxe8 24. Bxa5+ Kc6 25. Bc3 Nxc2 26. Rd3
Ne3+ 27. Kf2 Bxc3 28. Nxc3 Nxf5 29. Rf3 Nh6 30. Rg3 g6 31. a4 Nf5 32. Rf3 d5
33. Nb5 c4 34. b4 h5 35. Na3 Nd4 36. Rf6+ Re6 37. Rxf7 c3 38. Rf8 Re2+ 39. Kg3
Ra2 40. b5+ Kb6 41. Rf6+ Kc5 42. Nb1 c2 43. Rf1 Ne2+ 0-1

[Event "KONIK MORSKI REWALA 2013<br>Miedzynarodo"]
[Site "<font size="]
[Date "2013.08.23"]
[Round "4.22"]
[White "Marczuk, Anna"]
[Black "Kasperek, Joanna"]
[Result "1/2-1/2"]
[WhiteElo "1780"]
[BlackElo "2013"]
[PlyCount "80"]
[EventDate "2013.??.??"]

1. e4 c5 2. Nf3 e6 3. d4 cxd4 4. Nxd4 a6 5. Bd3 Qc7 6. O-O Bc5 7. c3 Nf6 8. f4
d6 9. Kh1 Nbd7 10. Nd2 b5 11. N2f3 Bb7 12. Qe2 O-O 13. Bd2 Rfe8 14. Rae1 Rad8
15. e5 Nd5 16. Ng5 g6 17. exd6 Qxd6 18. Ne4 Qe7 19. Nxc5 Nxc5 20. Bc2 Nd7 21.
Bb3 N7b6 22. Nf3 Qd7 23. Ne5 Qd6 24. Bc1 Qc7 25. Qg4 f5 26. Qh4 Qe7 27. Qh3 Rc8
28. Nf3 Nd7 29. Nd4 Qf7 30. Re2 Nc5 31. Bc2 Nf6 32. Nf3 Nce4 33. Be3 Bd5 34.
Ne5 Qe7 35. Rd1 Rc7 36. Bd4 Nh5 37. Be3 Nhf6 38. Bd4 Nh5 39. Be3 Nhf6 40. Bd4
Nh5 1/2-1/2

[Event "KONIK MORSKI REWALA 2013<br>Miedzynarodo"]
[Site "<font size="]
[Date "2013.08.23"]
[Round "4.23"]
[White "Kamieniecki, Tomasz"]
[Black "Gabryjalowicz, Jakub"]
[Result "1-0"]
[WhiteElo "1974"]
[BlackElo "1781"]
[PlyCount "79"]
[EventDate "2013.??.??"]

1. d4 d5 2. c4 c6 3. Nc3 Nf6 4. Nf3 dxc4 5. a4 Bg4 6. Ne5 Bh5 7. f3 e6 8. e4
Bb4 9. Be2 O-O 10. O-O h6 11. g4 Bg6 12. Nxg6 fxg6 13. Bxc4 Qe7 14. Qb3 Kh7 15.
Bxe6 Na6 16. Bc4 Nc7 17. Qc2 Qd7 18. Be3 Kh8 19. Rad1 g5 20. Ba2 Rae8 21. Bb1
g6 22. h3 Qg7 23. Bf2 a5 24. Bg3 Ne6 25. e5 Nd5 26. Nxd5 cxd5 27. Qxg6 Qxg6 28.
Bxg6 Rd8 29. Kf2 Nf4 30. Bxf4 Rxf4 31. Bf5 Re8 32. Ke3 Bd6 33. Rc1 Bb8 34. Rfd1
Ba7 35. Rc8 Rxc8 36. Bxc8 b5 37. axb5 Rf8 38. Bf5 Kg7 39. Rc1 Rf7 40. Rc6 1-0

[Event "KONIK MORSKI REWALA 2013<br>Miedzynarodo"]
[Site "<font size="]
[Date "2013.08.23"]
[Round "4.24"]
[White "Khamidov, Komil"]
[Black "Knap, Jerzy"]
[Result "1-0"]
[WhiteElo "2068"]
[BlackElo "1732"]
[PlyCount "109"]
[EventDate "2013.??.??"]

1. e4 c5 2. Nf3 d6 3. d4 cxd4 4. Nxd4 Nf6 5. Nc3 a6 6. g3 e6 7. Bg2 Be7 8. O-O
Qc7 9. a4 O-O 10. g4 Nc6 11. Nb3 b6 12. g5 Nd7 13. f4 Bb7 14. Be3 Nb4 15. Nd4
Nc5 16. Rf2 f5 17. exf5 exf5 18. Qe2 d5 19. h4 Bd6 20. Qf3 Rae8 21. Rd1 Ne4 22.
Nxe4 dxe4 23. Qh3 g6 24. Bc1 Nd5 25. Qb3 Kh8 26. Ne2 Bc5 27. Rxd5 Bxf2+ 28.
Kxf2 Bxd5 29. Qxd5 Qc5+ 30. Qxc5 bxc5 31. Nc3 c4 32. Bf1 Rc8 33. Nd5 Rc5 34.
Nb6 Rfc8 35. Be3 R5c6 36. Nxc8 Rxc8 37. Bd4+ Kg8 38. Ke3 Kf7 39. Kd2 Ke6 40. b3
Kd5 41. Be3 cxb3 42. cxb3 Ra8 43. Bc4+ Kd6 44. b4 Kc6 45. Kc3 Kc7 46. a5 Kc6
47. Bb6 Kd6 48. Kd4 Ke7 49. Bd5 Rc8 50. Bb7 Rc1 51. b5 axb5 52. a6 Rc4+ 53. Kd5
Ra4 54. a7 b4 55. Kc4 1-0

[Event "KONIK MORSKI REWALA 2013<br>Miedzynarodo"]
[Site "<font size="]
[Date "2013.08.23"]
[Round "4.25"]
[White "Siedlinski, Piotr"]
[Black "Blaszkiewicz, Mateusz"]
[Result "1/2-1/2"]
[WhiteElo "2092"]
[BlackElo "1833"]
[PlyCount "51"]
[EventDate "2013.??.??"]

1. e4 c5 2. Nf3 d6 3. d4 cxd4 4. Qxd4 Bd7 5. c4 Nc6 6. Qd1 Nf6 7. Nc3 g6 8. Be2
Bg7 9. h3 O-O 10. Be3 a5 11. O-O a4 12. a3 Na5 13. Nd2 Bc6 14. Bd4 Nd7 15. Bxg7
Kxg7 16. Nxa4 Nxc4 17. Nxc4 Bxa4 18. Qd4+ f6 19. Bg4 Nc5 20. Bd1 Bc6 21. f3 b5
22. Ne3 e5 23. Qd2 Ne6 24. Bb3 Nd4 25. Ba2 f5 26. Nd5 1/2-1/2

[Event "KONIK MORSKI REWALA 2013<br>Miedzynarodo"]
[Site "<font size="]
[Date "2013.08.24"]
[Round "5.1"]
[White "Malaniuk, Vladimir P"]
[Black "Sieciechowicz, Marcin"]
[Result "1-0"]
[WhiteElo "2528"]
[BlackElo "2458"]
[PlyCount "83"]
[EventDate "2013.??.??"]

1. c4 Nf6 2. Nf3 g6 3. Nc3 d5 4. cxd5 Nxd5 5. Qa4+ c6 6. Nxd5 Qxd5 7. e4 Qd6 8.
d4 Bg7 9. Be2 O-O 10. O-O Bg4 11. Be3 b5 12. Qc2 Nd7 13. h3 Bxf3 14. e5 Qe6 15.
Bxf3 Rac8 16. Bg4 Qd5 17. a4 b4 18. f4 e6 19. a5 Qb5 20. Rfc1 Rfd8 21. Bf3 Nb8
22. Qc4 a6 23. b3 Bf8 24. Ra2 Be7 25. g4 Qb7 26. Be4 Qd7 27. Rd2 Kh8 28. Kh1
Bf8 29. Rf1 Qe7 30. Bg2 c5 31. dxc5 Rxd2 32. Bxd2 Nc6 33. Qxa6 Qd7 34. Be3 Ne7
35. Qc4 Nd5 36. Bg1 Qa7 37. Bxd5 exd5 38. Qxd5 Qxa5 39. Rd1 Bg7 40. Qxf7 Qa2
41. Rd7 Rg8 42. Qd5 1-0

[Event "KONIK MORSKI REWALA 2013<br>Miedzynarodo"]
[Site "<font size="]
[Date "2013.08.24"]
[Round "5.2"]
[White "Ziaziulkina, Nastassia"]
[Black "Stachowiak, Kamil"]
[Result "1-0"]
[WhiteElo "2340"]
[BlackElo "2470"]
[PlyCount "105"]
[EventDate "2013.??.??"]

1. e4 c5 2. Nf3 e6 3. d4 cxd4 4. Nxd4 Nc6 5. Nc3 Qc7 6. Be2 a6 7. Be3 Nf6 8. a3
b5 9. Nxc6 dxc6 10. f4 Bb7 11. e5 Rd8 12. Bd3 Nd7 13. Qg4 g6 14. O-O-O c5 15.
h4 b4 16. axb4 cxb4 17. Ne4 b3 18. Nd6+ Bxd6 19. exd6 Qa5 20. Qg5 Qxg5 21. hxg5
bxc2 22. Rd2 O-O 23. Bxc2 Rc8 24. Bd4 Bd5 25. Rh3 Rc6 26. g4 Rfc8 27. Rdh2 Rc4
28. Bc3 Nf8 29. Be5 Nd7 30. Kb1 Nf8 31. Ra3 R8c6 32. Rc3 a5 33. Rxc4 Rxc4 34.
Bd3 Rc6 35. Bb5 Be4+ 36. Ka2 Rc1 37. Rd2 Bd5+ 38. b3 Rc8 39. d7 Nxd7 40. Bxd7
Rd8 41. Rxd5 exd5 42. Bb5 Rc8 43. Kb2 Kf8 44. Ba6 Rd8 45. Kc3 Rd7 46. Bb5 Ra7
47. Kd4 Rb7 48. Kc5 f6 49. Bxf6 Kf7 50. Bc6 Rb4 51. Bxd5+ Kf8 52. Bc4 Rb8 53.
Bc3 1-0

[Event "KONIK MORSKI REWALA 2013<br>Miedzynarodo"]
[Site "<font size="]
[Date "2013.08.24"]
[Round "5.4"]
[White "Rudolf, Michal"]
[Black "Licznerski, Lukasz"]
[Result "1-0"]
[WhiteElo "2367"]
[BlackElo "2332"]
[PlyCount "89"]
[EventDate "2013.??.??"]

1. e4 c6 2. d4 d5 3. Nc3 dxe4 4. Nxe4 Bf5 5. Ng3 Bg6 6. h4 h6 7. Nf3 Nd7 8. h5
Bh7 9. Bd3 Bxd3 10. Qxd3 e6 11. Bf4 Qa5+ 12. Bd2 Qc7 13. O-O-O Ngf6 14. Ne4
O-O-O 15. g3 Nxe4 16. Qxe4 Nf6 17. Qe2 Rd5 18. Ne5 Rxd4 19. Bf4 Re4 20. Qd3 Bc5
21. Ng6 Rxf4 22. Nxf4 Qa5 23. Kb1 Bxf2 24. Qf3 Bb6 25. Ne2 Qg5 26. a3 Re8 27.
Nc3 Bc7 28. Rd3 e5 29. Ne4 Nxe4 30. Qxe4 f5 31. Qc4 Qf6 32. g4 e4 33. Re3 b5
34. Qe2 Bb6 35. Rf1 Qg5 36. Rc3 f4 37. Rxc6+ Kb7 38. Rg6 Qe5 39. Qd2 Bc7 40.
Qd7 Re7 41. Qc6+ Kb8 42. g5 hxg5 43. h6 g4 44. h7 Qh5 45. Rh6 1-0

[Event "KONIK MORSKI REWALA 2013<br>Miedzynarodo"]
[Site "<font size="]
[Date "2013.08.24"]
[Round "5.5"]
[White "Weichhold, Pawel"]
[Black "Kaczmarek, Aleksander"]
[Result "0-1"]
[WhiteElo "2420"]
[BlackElo "2147"]
[PlyCount "82"]
[EventDate "2013.??.??"]

1. e4 c6 2. Nc3 d5 3. Nf3 Bg4 4. h3 Bxf3 5. Qxf3 Nf6 6. d3 e6 7. Bd2 Nbd7 8. g3
Be7 9. Bg2 d4 10. Nd1 O-O 11. O-O c5 12. Qe2 e5 13. f4 b5 14. a4 a6 15. h4 Qb6
16. g4 Ne8 17. axb5 Qxb5 18. g5 exf4 19. Bxf4 Ra7 20. h5 Bd6 21. Bd2 Ne5 22. b3
f6 23. Bh3 Kh8 24. g6 h6 25. Nf2 Re7 26. Nh1 Nc6 27. Bf5 Nc7 28. Qg4 Nb4 29.
Rac1 Na2 30. Rce1 Nb4 31. Qd1 Ne6 32. Bxe6 Rxe6 33. Re2 c4 34. Rg2 cxd3 35.
Bxh6 dxc2 36. Qd2 Qxh5 37. Bf4 Bxf4 38. Qxf4 Kg8 39. Qd2 Rc8 40. Rc1 d3 41. Nf2
Na2 0-1

[Event "KONIK MORSKI REWALA 2013<br>Miedzynarodo"]
[Site "<font size="]
[Date "2013.08.24"]
[Round "5.7"]
[White "Jacek, Krystian"]
[Black "Tokarski, Lukasz"]
[Result "0-1"]
[WhiteElo "2166"]
[BlackElo "2270"]
[PlyCount "62"]
[EventDate "2013.??.??"]

1. e4 e5 2. Nf3 Nc6 3. Bb5 a6 4. Ba4 Nf6 5. O-O b5 6. Bb3 Bc5 7. d3 O-O 8. a4
Rb8 9. axb5 axb5 10. Nc3 h6 11. Nd5 d6 12. h3 Nxd5 13. Bxd5 Ne7 14. Bb3 Ng6 15.
c3 Qf6 16. d4 Bb6 17. Be3 Nf4 18. Bxf4 Qxf4 19. Re1 Re8 20. Qd3 Bb7 21. Bc2 Re6
22. Kf1 Rg6 23. dxe5 dxe5 24. Qxb5 Bxf2 25. Qxe5 Qg3 26. Qxg3 Bxg3 27. Reb1 Re6
28. Nd4 Rf6+ 29. Kg1 Re8 30. Nf5 Rxf5 31. exf5 Re2 0-1

[Event "KONIK MORSKI REWALA 2013<br>Miedzynarodo"]
[Site "<font size="]
[Date "2013.08.24"]
[Round "5.8"]
[White "Kiolbasa, Oliwia"]
[Black "Polok, Kacper"]
[Result "1-0"]
[WhiteElo "1955"]
[BlackElo "2213"]
[PlyCount "95"]
[EventDate "2013.??.??"]

1. e4 e6 2. d4 b6 3. c4 Bb7 4. Nc3 Bb4 5. Bd3 f5 6. d5 fxe4 7. Bxe4 Nf6 8. Bf3
O-O 9. Nge2 exd5 10. cxd5 Bxc3+ 11. Nxc3 c5 12. dxc6 dxc6 13. O-O Qxd1 14. Rxd1
Na6 15. Be3 Rad8 16. Nb5 Nb4 17. Nd4 c5 18. Bxb7 cxd4 19. Bxd4 Rxd4 20. Rxd4
Nc2 21. Rad1 Nxd4 22. Rxd4 Rb8 23. Bd5+ Nxd5 24. Rxd5 Rc8 25. g3 Rc2 26. Rb5
Kf7 27. Kg2 Rc6 28. Rb3 Ke6 29. Kf3 Ke5 30. Ke3 g5 31. Rb5+ Kf6 32. f4 gxf4+
33. Kxf4 a6 34. Rf5+ Kg6 35. Rd5 b5 36. b3 Kg7 37. Rd7+ Kg6 38. Ke5 Rc5+ 39.
Kd4 Rc2 40. Rd6+ Kf5 41. Rxa6 Rxh2 42. Kc5 Kg4 43. Kxb5 Kxg3 44. a4 h5 45. Rg6+
Kf3 46. a5 h4 47. a6 h3 48. a7 1-0

[Event "KONIK MORSKI REWALA 2013<br>Miedzynarodo"]
[Site "<font size="]
[Date "2013.08.24"]
[Round "5.9"]
[White "Adamowicz, Maciej"]
[Black "Marusenko, Petr"]
[Result "0-1"]
[WhiteElo "2071"]
[BlackElo "2192"]
[PlyCount "98"]
[EventDate "2013.??.??"]

1. c4 f5 2. g3 Nf6 3. Bg2 g6 4. Nf3 Bg7 5. O-O O-O 6. Nc3 d6 7. Rb1 e5 8. d3 a5
9. a3 Nc6 10. b4 axb4 11. axb4 h6 12. b5 Ne7 13. Qb3 Be6 14. Ba3 g5 15. Nd2 Rb8
16. Ra1 b6 17. Bb4 Nc8 18. Ra6 Qe8 19. Qa4 Qh5 20. h3 Ne7 21. Ra7 Ne8 22. Qa3
Ng6 23. Nd5 Bxd5 24. Bxd5+ Kh8 25. Kg2 Ne7 26. Bf3 g4 27. hxg4 fxg4 28. Be4
Qh3+ 29. Kg1 Nf5 30. Bg2 Qh5 31. e3 Qg6 32. Kh2 h5 33. Be4 Rd8 34. Rh1 Rf7 35.
Kg1 Bh6 36. Qb2 Nf6 37. Bc6 Rdf8 38. Nf1 Nh7 39. Qe2 Ng5 40. Bg2 Ng7 41. Nh2
Rxf2 42. Qxf2 Rxf2 43. Kxf2 Qxd3 44. Re1 Qxc4 45. Bd2 N7e6 46. Bc6 Nc5 47. Kg2
Nce4 48. Rxc7 Nxd2 49. Ra1 Ne6 0-1

[Event "KONIK MORSKI REWALA 2013<br>Miedzynarodo"]
[Site "<font size="]
[Date "2013.08.24"]
[Round "5.10"]
[White "Voloshin, Leonid"]
[Black "Gosciniak, Maria"]
[Result "1-0"]
[WhiteElo "2420"]
[BlackElo "2098"]
[PlyCount "49"]
[EventDate "2013.??.??"]

1. d4 e6 2. e4 b6 3. Nf3 Bb7 4. Bd3 d5 5. e5 c5 6. c3 Ne7 7. O-O Nec6 8. Re1
cxd4 9. Nxd4 Nxd4 10. cxd4 Nc6 11. Be3 a6 12. Nd2 Bb4 13. Qg4 Kf8 14. a3 Bxd2
15. Bxd2 a5 16. Rac1 Ne7 17. Rc3 Rc8 18. Rec1 h5 19. Qd1 Rxc3 20. Rxc3 Bc6 21.
Qc2 Bd7 22. Bg5 Qe8 23. Rc7 Nf5 24. Rb7 Bc8 25. Rb8 1-0